[Event "HUN-ch U18"]
[Site "Balatonlelle"]
[Date "2014.06.24"]
[Round "5"]
[White "Nemeti, Kornel"]
[Black "Farkas, Richard"]
[Result "0-1"]
[WhiteElo "1981"]
[BlackElo "2306"]
[PlyCount "106"]
[EventDate "2014.06.20"]
[EventType "swiss"]
[EventRounds "9"]
[EventCountry "HUN"]
[SourceTitle "EXT 2024"]
[Source "ChessBase"]
[SourceDate "2023.10.10"]
[SourceVersion "1"]
[SourceVersionDate "2023.10.10"]
[SourceQuality "1"]

1. d4 Nf6 2. Nf3 g6 3. Bf4 Bg7 4. h3 0-0 5. e3 d6 6. Be2 Nfd7 7. 0-0 e5 8. Bg3 Nc6 9. c3 Qe7 10. Bh4 f6 11. dxe5 dxe5 12. e4 Nb6 13. Qc2 Be6 14. Nbd2 Qf7 15. Rfd1 h6 16. Ne1 f5 17. f3 f4 18. Bf2 Bf6 19. Nd3 Nd7 20. Nc5 Nxc5 21. Bxc5 Be7 22. Bf2 g5 23. Qa4 a6 24. Bc4 b5 25. Bxe6 Qxe6 26. Qb3 Kf7 27. Qxe6+ Kxe6 28. Nb3 h5 29. Rd5 g4 30. Rad1 gxf3 31. gxf3 Rad8 32. Rxd8 Rxd8 33. Rxd8 Nxd8 34. Bc5 Bd6 35. Kf1 Nb7 36. Bf2 c5 37. Nd2 c4 38. b3 cxb3 39. axb3 a5 40. Nb1 Kd7 41. Ke2 Kc6 42. Kd2 Nd8 43. Bh4 Ne6 44. Kc2 b4 45. Bf6 bxc3 46. Kxc3 Nd4 47. Nd2 Bb4+ 48. Kd3 Bxd2 49. Kxd2 Nxf3+ 50. Kc3 Kd6 51. Bd8 Nd4 52. Bxa5 f3 53. Kd3 f2 0-1

[Event "HUN-ch U18"]
[Site "Balatonlelle"]
[Date "2014.06.22"]
[Round "3"]
[White "Nemeti, Kornel"]
[Black "Orosz, Andras1111"]
[Result "1/2-1/2"]
[WhiteElo "1981"]
[BlackElo "2227"]
[PlyCount "66"]
[EventDate "2014.06.20"]
[EventType "swiss"]
[EventRounds "9"]
[EventCountry "HUN"]
[SourceTitle "EXT 2024"]
[Source "ChessBase"]
[SourceDate "2023.10.10"]
[SourceVersion "1"]
[SourceVersionDate "2023.10.10"]
[SourceQuality "1"]

1. d4 Nf6 2. Nf3 e6 3. Bf4 b6 4. e3 Bb7 5. Be2 Be7 6. h3 0-0 7. 0-0 d6 8. c4 Nbd7 9. Nc3 Ne4 10. Nxe4 Bxe4 11. Bd3 Bg6 12. Bxg6 hxg6 13. e4 c5 14. e5 dxe5 15. Nxe5 Nxe5 16. dxe5 Qc7 17. Qe2 g5 18. Bg3 Rad8 19. Rad1 Rd4 20. b3 Rfd8 21. Rxd4 cxd4 22. Rd1 Rd7 23. Qe4 Qd8 24. Rd3 Bc5 25. f3 Qe7 26. Bf2 f5 27. exf6 gxf6 28. Qg6+ Kf8 29. b4 Bxb4 30. Rxd4 Rxd4 31. Bxd4 e5 32. Bf2 Bc5 33. Bxc5 Qxc5+ 1/2-1/2

[Event "HUN-ch U16"]
[Site "Balatonlelle"]
[Date "2013.06.29"]
[Round "9"]
[White "Nemeti, Kornel"]
[Black "Laza, Szabolcs"]
[Result "1-0"]
[WhiteElo "1997"]
[BlackElo "1968"]
[PlyCount "135"]
[EventDate "2013.??.??"]
[EventType "tourn"]
[EventRounds "9"]
[EventCountry "HUN"]
[SourceTitle "EXT 2014"]
[Source "ChessBase"]
[SourceDate "2013.11.20"]
[SourceVersion "1"]
[SourceVersionDate "2013.11.20"]
[SourceQuality "1"]

1. e4 c5 2. Nf3 d6 3. c3 Nf6 4. Bc4 Nxe4 5. Qa4+ Nc6 6. Bxf7+ Kxf7 7. Qxe4 g6 8. 0-0 Bf5 9. Qe2 Bg7 10. d3 Rf8 11. Nbd2 Kg8 12. h3 e5 13. Ne4 Qd7 14. Be3 Rae8 15. Rad1 b5 16. Ng3 Be6 17. a3 a5 18. Ne4 b4 19. axb4 axb4 20. Ra1 Bf5 21. Ra6 Ra8 22. Rfa1 Rxa6 23. Rxa6 Qb7 24. Ra1 Rd8 25. Bg5 Rd7 26. Qc2 Kf7 27. Qa4 Bxe4 28. dxe4 bxc3 29. bxc3 Bf6 30. Qc4+ Kg7 31. Be3 h6 32. Nd2 Rd8 33. Qa4 Qc7 34. Rb1 Rb8 35. Rxb8 Nxb8 36. Qe8 Qd8 37. Qe6 Qe7 38. Qd5 Qd8 39. Nc4 Be7 40. f4 Na6 41. fxe5 dxe5 42. Qe6 Nc7 43. Qxe5+ Bf6 44. Qxc5 Bxc3 45. Nd6 Bf6 46. Qxc7+ Qxc7 47. Ne8+ Kf7 48. Nxc7 g5 49. g4 Kg6 50. Nd5 Be5 51. Kf2 h5 52. Bd2 Bd4+ 53. Ke2 hxg4 54. hxg4 Be5 55. Kd3 Kh6 56. Kc4 Kg6 57. Ne7+ Kf6 58. Nf5 Bb8 59. Kd5 Bc7 60. Bc3+ Kg6 61. e5 Kf7 62. e6+ Ke8 63. Bf6 Bf4 64. Ng7+ Kf8 65. e7+ Kg8 66. e8Q+ Kh7 67. Nf5 Be5 68. Qf7# 1-0

[Event "HUN-ch U16"]
[Site "Balatonlelle"]
[Date "2012.06.25"]
[Round "4"]
[White "Nemeti, Kornel"]
[Black "Farkas, Richard"]
[Result "1/2-1/2"]
[WhiteElo "1907"]
[BlackElo "2112"]
[PlyCount "73"]
[EventDate "2012.06.22"]
[EventType "tourn"]
[EventRounds "9"]
[EventCountry "HUN"]
[SourceTitle "EXT 2014"]
[Source "ChessBase"]
[SourceDate "2013.11.20"]
[SourceVersion "1"]
[SourceVersionDate "2013.11.20"]
[SourceQuality "1"]

1. e4 c5 2. Nf3 Nc6 3. c3 Nf6 4. e5 Nd5 5. d4 cxd4 6. cxd4 d6 7. Bc4 Nb6 8. Bb5 dxe5 9. Nxe5 Bd7 10. Nc3 e6 11. 0-0 Be7 12. Bxc6 Bxc6 13. Nxc6 bxc6 14. Qf3 Rc8 15. Be3 0-0 16. Rac1 Qd7 17. Rfd1 Rfd8 18. Ne4 Qd5 19. Nc5 Qxa2 20. Ra1 Qxb2 21. Rxa7 Nd5 22. Bg5 f6 23. Bh4 Bxc5 24. dxc5 Qb8 25. Rda1 Rc7 26. R7a6 Qc8 27. Bg3 e5 28. h3 Qe6 29. Qb3 Qe7 30. Ra8 Rcc8 31. R1a7 Qxc5 32. Qb7 Qf8 33. Rxc8 Rxc8 34. Qd7 Nb4 35. f4 Re8 36. fxe5 fxe5 37. Kh2 1/2-1/2

[Event "HUN-ch U16"]
[Site "Balatonlelle"]
[Date "2012.06.24"]
[Round "3"]
[White "Medve, Mark"]
[Black "Nemeti, Kornel"]
[Result "1/2-1/2"]
[WhiteElo "1814"]
[BlackElo "1907"]
[PlyCount "109"]
[EventDate "2012.06.22"]
[EventType "tourn"]
[EventRounds "9"]
[EventCountry "HUN"]
[SourceTitle "EXT 2014"]
[Source "ChessBase"]
[SourceDate "2013.11.20"]
[SourceVersion "1"]
[SourceVersionDate "2013.11.20"]
[SourceQuality "1"]

1. d4 d5 2. c4 e6 3. Nf3 Nf6 4. Nc3 c5 5. cxd5 Nxd5 6. e4 Nxc3 7. bxc3 cxd4 8. cxd4 Bb4+ 9. Bd2 Bxd2+ 10. Qxd2 0-0 11. Bc4 Nd7 12. 0-0 b6 13. Rac1 Bb7 14. Qf4 Nf6 15. Bd3 Rc8 16. Rxc8 Qxc8 17. Rc1 Qd8 18. e5 Nh5 19. Qg4 Bxf3 20. Qxf3 Qxd4 21. Bxh7+ Kxh7 22. Qxh5+ Kg8 23. Qg5 Rd8 24. g3 Qd2 25. Qxd2 Rxd2 26. a4 Rd4 27. a5 bxa5 28. Rc8+ Kh7 29. Rc7 Kg6 30. Rxa7 Rd1+ 31. Kg2 Ra1 32. h4 a4 33. h5+ Kxh5 34. Rxf7 Kg6 35. Re7 Kf5 36. Rxg7 Kxe5 37. Ra7 a3 38. Ra4 a2 39. g4 Kf6 40. f4 Kg6 41. Ra6 Kf7 42. g5 Kg7 43. Ra5 Kg6 44. Ra6 Kf5 45. g6 Kxg6 46. Rxe6+ Kf5 47. Ra6 Kxf4 48. Ra8 Ke4 49. Ra7 Kd4 50. Ra8 Kc3 51. Rc8+ Kb3 52. Rb8+ Kc2 53. Rc8+ Kb2 54. Rb8+ Kc2 55. Rc8+ 1/2-1/2

[Event "HUN-chT2 Barcza 1112 "]
[Site "Hungary"]
[Date "2012.03.25"]
[Round "8"]
[White "Nemeti, Kornel"]
[Black "Lendak, Lajos"]
[Result "1-0"]
[WhiteElo "1837"]
[BlackElo "1890"]
[PlyCount "55"]
[EventDate "2011.09.25"]
[EventType "team-tourn"]
[EventRounds "11"]
[EventCountry "HUN"]
[SourceTitle "EXT 2013"]
[Source "ChessBase"]
[SourceDate "2012.11.22"]
[SourceVersion "1"]
[SourceVersionDate "2012.11.22"]
[SourceQuality "1"]
[WhiteTeam "Debrecen Betu"]
[BlackTeam "Sarospatak"]
[WhiteTeamCountry "HUN"]
[BlackTeamCountry "HUN"]

1. e4 c5 2. Nf3 d6 3. c3 Nc6 4. d4 cxd4 5. cxd4 Nf6 6. Nc3 Bd7 7. Be2 e6 8. 0-0 Be7 9. Bf4 Nh5 10. Be3 Nf6 11. Rc1 0-0 12. a3 Rc8 13. b4 a6 14. d5 Ne5 15. Nxe5 dxe5 16. d6 Bc6 17. dxe7 Qxe7 18. Bc5 Qe8 19. Bxf8 Qxf8 20. f3 Qe8 21. Qb3 g5 22. b5 axb5 23. Bxb5 Nd7 24. Bxc6 bxc6 25. Na4 Rb8 26. Qc3 c5 27. Nxc5 Rc8 28. Nxd7 1-0

[Event "Puspokladany Arnoth Memorial 04th"]
[Site "Puspokladany"]
[Date "2011.07.28"]
[Round "3"]
[White "Nemeti, Kornel"]
[Black "Egri, Laszlo Jr"]
[Result "0-1"]
[WhiteElo "1793"]
[BlackElo "2021"]
[PlyCount "58"]
[EventDate "2011.07.27"]
[EventType "swiss"]
[EventRounds "9"]
[EventCountry "HUN"]
[SourceTitle "EXT 2018"]
[Source "ChessBase"]
[SourceDate "2017.10.13"]
[SourceVersion "1"]
[SourceVersionDate "2017.10.13"]
[SourceQuality "1"]

1. e4 d6 2. d4 Nf6 3. Nc3 e5 4. dxe5 dxe5 5. Qxd8+ Kxd8 6. Bg5 Be6 7. 0-0-0+ Nbd7 8. Nf3 Kc8 9. Bb5 c6 10. Be2 b5 11. Bxf6 gxf6 12. Nh4 Kc7 13. Nf5 Nc5 14. b4 Nd7 15. a3 a5 16. Kb2 axb4 17. axb4 Bxb4 18. Ng7 Bxc3+ 19. Kxc3 Ra3+ 20. Kb2 Ra2+ 21. Kb1 Rha8 22. Nxe6+ fxe6 23. Bg4 Nc5 24. f3 b4 25. Kc1 Na4 26. Rde1 Rd8 27. c4 b3 28. Kb1 Nc3+ 29. Kc1 Rdd2 0-1

[Event "HUN-chT2 Barcza 1011"]
[Site "Hungary"]
[Date "2011.05.15"]
[Round "11.11"]
[White "Nemeti, Kornel"]
[Black "Jakab, Gergely Sandor"]
[Result "0-1"]
[WhiteElo "1630"]
[BlackElo "1727"]
[PlyCount "60"]
[EventDate "2010.09.12"]
[EventType "team-tourn"]
[EventRounds "11"]
[EventCountry "HUN"]
[SourceTitle "EXT 2012"]
[Source "ChessBase"]
[SourceDate "2011.11.24"]
[SourceVersion "1"]
[SourceVersionDate "2011.11.24"]
[SourceQuality "1"]
[WhiteTeam "Debrecen Betu"]
[BlackTeam "Edeleny"]
[WhiteTeamCountry "HUN"]
[BlackTeamCountry "HUN"]

1. e4 e5 2. Nf3 Nc6 3. d4 exd4 4. c3 d3 5. Bxd3 Bc5 6. Bc4 d6 7. 0-0 Nf6 8. Qe2 0-0 9. a4 a5 10. Na3 h6 11. Rd1 Qe7 12. Bd5 Nxd5 13. Rxd5 Re8 14. Nd2 f5 15. Nb5 fxe4 16. Nc4 Be6 17. Rh5 Qf7 18. Ne3 Bb6 19. Bd2 Rf8 20. Nxd6 cxd6 21. h3 Ne5 22. Rd1 Nf3+ 23. gxf3 Qxh5 24. Ng4 Bxg4 25. hxg4 Qg6 26. g5 Rae8 27. f4 hxg5 28. fxg5 Rxf2 29. Qc4+ Qe6 30. Qxe6+ Rxe6 0-1

[Event "HUN-chT2 Barcza 1011"]
[Site "Hungary"]
[Date "2010.11.07"]
[Round "5.12"]
[White "Lovas, Daniel"]
[Black "Nemeti, Kornel"]
[Result "0-1"]
[WhiteElo "2127"]
[BlackElo "1630"]
[PlyCount "66"]
[EventDate "2010.09.12"]
[EventType "team-tourn"]
[EventRounds "11"]
[EventCountry "HUN"]
[SourceTitle "EXT 2012"]
[Source "ChessBase"]
[SourceDate "2011.11.24"]
[SourceVersion "1"]
[SourceVersionDate "2011.11.24"]
[SourceQuality "1"]
[WhiteTeam "Hajduszoboszlo"]
[BlackTeam "Debrecen Betu"]
[WhiteTeamCountry "HUN"]
[BlackTeamCountry "HUN"]

1. e4 c5 2. c3 d5 3. exd5 Qxd5 4. d4 e6 5. Nf3 Nf6 6. Be2 Be7 7. 0-0 Nc6 8. Be3 Ng4 9. Qd2 Nxe3 10. Qxe3 0-0 11. Rd1 Rd8 12. dxc5 Qxc5 13. Rxd8+ Nxd8 14. Qd3 Qd6 15. Nbd2 Nc6 16. Rd1 Qxd3 17. Bxd3 b6 18. Be4 Bb7 19. Nc4 Rd8 20. Rxd8+ Nxd8 21. Bxb7 Nxb7 22. Nfe5 Nd6 23. Nxd6 Bxd6 24. Nc6 a6 25. a4 e5 26. Kf1 Kf8 27. Ke2 Ke8 28. b4 Kd7 29. b5 axb5 30. axb5 Ke6 31. c4 f5 32. h3 g5 33. Kd3 h5 0-1

[Event "HUN-chT2 Barcza 0910"]
[Site "Hungary"]
[Date "2010.05.02"]
[Round "11.12"]
[White "Nemeti, Kornel"]
[Black "Debreceni, Mate"]
[Result "0-1"]
[WhiteElo "1616"]
[BlackElo "1846"]
[PlyCount "44"]
[EventDate "2009.11.08"]
[EventType "team-tourn"]
[EventRounds "11"]
[EventCountry "HUN"]
[SourceTitle "EXT 2011"]
[Source "ChessBase"]
[SourceDate "2010.11.26"]
[SourceVersion "1"]
[SourceVersionDate "2010.11.26"]
[SourceQuality "1"]
[WhiteTeam "Debrecen Betu"]
[BlackTeam "Debrecen Sakkbaratok"]
[WhiteTeamCountry "HUN"]
[BlackTeamCountry "HUN"]

1. e4 e5 2. Nf3 Nc6 3. d4 exd4 4. c3 Nf6 5. e5 Nd5 6. cxd4 Bb4+ 7. Bd2 Bxd2+ 8. Nbxd2 d6 9. Bb5 0-0 10. 0-0 Nce7 11. Rc1 dxe5 12. dxe5 c6 13. Bc4 Bg4 14. Qe2 Re8 15. h3 Bh5 16. Ne4 Ng6 17. Nd6 Bxf3 18. gxf3 Rxe5 19. Nxf7 Kxf7 20. Qd2 Qh4 21. Kh2 Ngf4 22. Bxd5+ Rxd5 0-1

[Event "HUN-chT2 Barcza 0910"]
[Site "Hungary"]
[Date "2009.12.20"]
[Round "4.11"]
[White "Nemeti, Kornel"]
[Black "Jakab, Gergely Sandor"]
[Result "1/2-1/2"]
[WhiteElo "1616"]
[BlackElo "1735"]
[PlyCount "118"]
[EventDate "2009.11.08"]
[EventType "team-tourn"]
[EventRounds "11"]
[EventCountry "HUN"]
[SourceTitle "EXT 2011"]
[Source "ChessBase"]
[SourceDate "2010.11.26"]
[SourceVersion "1"]
[SourceVersionDate "2010.11.26"]
[SourceQuality "1"]
[WhiteTeam "Debrecen Betu"]
[BlackTeam "Edeleny"]
[WhiteTeamCountry "HUN"]
[BlackTeamCountry "HUN"]

1. e4 e5 2. Nf3 Nc6 3. d4 exd4 4. c3 d3 5. Bxd3 Bc5 6. 0-0 d6 7. Re1 Ne5 8. Nxe5 dxe5 9. Bc4 Qxd1 10. Rxd1 Nf6 11. b4 Bb6 12. Nd2 Bg4 13. Re1 0-0 14. h3 Bd7 15. Nf3 Bc6 16. Nxe5 Nxe4 17. Nxc6 Bxf2+ 18. Kf1 Bxe1 19. Ne7+ Kh8 20. Kxe1 Rfe8 21. Nd5 Nxc3+ 22. Kf1 Nxd5 23. Bxd5 Rad8 24. Bb3 Rd4 25. Bb2 Rxb4 26. Rc1 c6 27. Kg1 Rbe4 28. Kh2 R4e7 29. Rd1 c5 30. Rd5 Rc7 31. Be5 Rcc8 32. Bc3 b5 33. Rd7 b4 34. Bb2 c4 35. Ba4 c3 36. Bc1 Re1 37. Bf4 h6 38. Rxf7 c2 39. Rxa7 c1Q 40. Bxc1 Rexc1 41. Rb7 R8c4 42. Bb3 Rd4 43. Rb8+ Kh7 44. Rb6 Rc7 45. Rb5 g6 46. Rb6 h5 47. Kg3 Kh6 48. Kf3 Rc3+ 49. Kf2 Kg5 50. Rb5+ Kf4 51. Rb6 Rc5 52. Rxg6 Rf5 53. g3+ Ke5+ 54. Ke3 Re4+ 55. Kd3 Rf3+ 56. Kd2 Rf2+ 57. Kd3 Rf3+ 58. Kd2 Rf2+ 59. Kd3 Rf3+ 1/2-1/2

[Event "HUN-ch U12"]
[Site "Balatonlelle"]
[Date "2009.07.05"]
[Round "9"]
[White "Farkas, Laszlo"]
[Black "Nemeti, Kornel"]
[Result "0-1"]
[WhiteElo "2013"]
[BlackElo "1664"]
[PlyCount "48"]
[EventDate "2009.06.27"]
[EventType "swiss"]
[EventRounds "9"]
[EventCountry "HUN"]
[SourceTitle "EXT 2011"]
[Source "ChessBase"]
[SourceDate "2010.11.26"]
[SourceVersion "1"]
[SourceVersionDate "2010.11.26"]
[SourceQuality "1"]

1. e4 c5 2. Nf3 Nc6 3. d4 cxd4 4. Nxd4 Nf6 5. Nxc6 bxc6 6. Nc3 d6 7. Bg5 e6 8. g3 h6 9. Bxf6 Qxf6 10. Bg2 Be7 11. e5 Qxe5+ 12. Qe2 Qxe2+ 13. Nxe2 d5 14. c4 0-0 15. cxd5 cxd5 16. 0-0 Ba6 17. Rfe1 Bb4 18. Nc3 Rac8 19. Rac1 d4 20. a3 Bxc3 21. bxc3 Rxc3 22. Rcd1 Rd8 23. Re4 Rxa3 24. Rexd4 Rxd4 0-1

[Event "HUN-ch U12"]
[Site "Balatonlelle"]
[Date "2009.06.28"]
[Round "2"]
[White "Nemeti, Kornel"]
[Black "Kiss, Balint"]
[Result "1/2-1/2"]
[WhiteElo "1664"]
[BlackElo "1488"]
[PlyCount "72"]
[EventDate "2009.06.27"]
[EventType "swiss"]
[EventRounds "9"]
[EventCountry "HUN"]
[SourceTitle "EXT 2011"]
[Source "ChessBase"]
[SourceDate "2010.11.26"]
[SourceVersion "1"]
[SourceVersionDate "2010.11.26"]
[SourceQuality "1"]

1. d4 d5 2. Nf3 Nf6 3. Bf4 e6 4. e3 Be7 5. Bd3 0-0 6. Nbd2 Nbd7 7. Ne5 h6 8. h4 c5 9. c3 cxd4 10. exd4 Qb6 11. b3 Bd6 12. Qf3 Qc7 13. Nxd7 Bxd7 14. Bxd6 Qxd6 15. 0-0 Bc6 16. Rfe1 Nd7 17. Bc2 Rfe8 18. Qh5 Nf6 19. Qe5 Qxe5 20. dxe5 Nd7 21. f4 Rac8 22. c4 Red8 23. Rac1 b6 24. Bb1 Bb7 25. cxd5 Bxd5 26. Be4 Nc5 27. g3 Bxe4 28. Nxe4 Nxe4 29. Rxc8 Rxc8 30. Rxe4 Rc2 31. Ra4 a5 32. Kf1 Kf8 33. b4 axb4 34. Rxb4 Rxa2 35. Rxb6 Ke7 36. Rb7+ Kf8 1/2-1/2